|
|
|
|
| LEADER |
00000nab a2200000 a 4500 |
| 001 |
vtls000172793 |
| 003 |
SK-MaSNL |
| 005 |
20260304220417.0 |
| 008 |
111104c1984 xo 0 slo |
| 015 |
|
|
|a SNBRB19rr/mm-uuuuu
|
| 035 |
|
|
|a CL0182905
|
| 040 |
|
|
|a SNKBUCL
|b slo
|c SNKBUCL
|e AACR2
|
| 041 |
0 |
|
|a slo
|
| 044 |
|
|
|a xo
|c SK
|
| 080 |
|
|
|a 069.02:7
|2 1981
|
| 080 |
|
|
|a 7
|2 1981
|
| 100 |
1 |
|
|a Holka, Peter,
|d 1950-
|4 aut
|9 85921
|
| 245 |
1 |
0 |
|a Aj krásou je človek živý
|c Peter Holka
|
| 610 |
2 |
7 |
|a Kysucká galéria v Oščadnici
|2 SNKKA
|9 257064
|
| 655 |
|
7 |
|a články z novín a časopisov
|2 snkbucl
|9 267496
|
| 773 |
0 |
|
|t Smer
|g Roč. 36, č. 22 (26. 1. 1984), s. 5
|
| 850 |
|
|
|a Slovenská národná knižnica v Martine
|a MTA001
|
| 852 |
|
|
|a SNK
|b KIS3GCP
|
| 958 |
|
|
|a RK
|
| 992 |
|
|
|a RBX
|
| 999 |
|
|
|c 3151925
|d 3153855
|